|
|
|
|
| LEADER |
00000cam a2200000 a 4500 |
| 001 |
vtls008372927 |
| 003 |
SK-MaSNL |
| 005 |
20260301225753.0 |
| 008 |
250313s1943 xo g 000 e slo |
| 015 |
|
|
|a SNBA19421945-041/0798
|
| 020 |
|
|
|q (brožované)
|
| 035 |
|
|
|a SK01SNKBKSD220010065144
|
| 035 |
|
|
|a urn:nbn:sk:snk-am3hti1
|
| 035 |
|
|
|a 6F2EABFD-9F62-41F1-B4F3-2259DFAE9C3B
|
| 035 |
|
|
|a urn:nbn:sk:snk-am00d8qt
|
| 035 |
|
|
|a SKM000067607
|
| 040 |
|
|
|a SNK
|b slo
|c SNK
|e AACR2
|
| 041 |
0 |
|
|a slo
|
| 044 |
|
|
|a xo
|c SK
|
| 072 |
|
7 |
|a 316.3
|x Globálne spoločnosti. Sociálna štruktúra. Sociálne skupiny
|2 konspekt
|
| 080 |
|
|
|a 172
|2 2001
|
| 080 |
|
|
|a 316.3/.6
|2 2001
|
| 080 |
|
|
|a 27
|2 2001
|
| 080 |
|
|
|a (=162.4)
|2 2001
|
| 080 |
|
|
|a 316.347
|2 2001
|
| 080 |
|
|
|a 2-1
|2 2001
|
| 080 |
|
|
|a 316.72/.75
|2 2001
|
| 080 |
|
|
|a (049)
|2 2001
|
| 100 |
1 |
|
|a Hanus, Ladislav,
|d 1907-1994
|4 aut
|9 86303
|
| 245 |
1 |
0 |
|a Rozhľadenie
|b essaye
|c Ladislav Hanus
|
| 250 |
|
|
|a [1. vyd.]
|
| 260 |
|
|
|a V Trnave
|b Spolok sv. Vojtecha
|c 1943
|e Trnava
|f Spolok Sv. Vojtecha
|
| 300 |
|
|
|a 184 s.
|c 21 cm
|
| 490 |
1 |
|
|a Dom
|v sv. 1
|
| 504 |
|
|
|a Bibliogr. odkazy
|
| 650 |
0 |
7 |
|a sociálna etika
|x kresťanské chápanie
|2 SNKPH
|9 325225
|
| 650 |
0 |
7 |
|a človek a spoločnosť
|x kresťanské chápanie
|2 SNKPH
|9 619760
|
| 650 |
0 |
7 |
|a Slováci
|2 SNKPH
|9 22552
|
| 650 |
0 |
7 |
|a národná identita
|2 SNKPH
|9 1665
|
| 650 |
0 |
7 |
|a filozofia náboženstva
|2 SNKPH
|9 1936
|
| 650 |
0 |
7 |
|a multikulturalizmus
|2 SNKPH
|9 4941
|
| 655 |
|
7 |
|a rozpravy
|2 SNKPH
|9 70559
|
| 830 |
|
0 |
|a Dom
|9 308901
|
| 852 |
|
|
|a Slovenská národná knižnica
|
| 958 |
|
|
|a OND
|
| 958 |
|
|
|a LX
|
| 999 |
|
|
|c 952155
|d 954085
|
| 952 |
|
|
|a SNK
|b SNK
|y VYP
|7 0
|p 17A0466078
|o snkSC 3159/1 D2
|i snkVI. 2281/55
|8 1
|0 0
|1 0
|4 0
|d 2009-02-27
|l 0
|r 2026-02-24 09:52:24
|w 2026-02-24
|
| 952 |
|
|
|a SNK
|b SNK
|y PREZ
|7 0
|p 17A0592309
|o snkSC 3159/1
|i snk707/44
|0 0
|1 0
|4 0
|d 2009-02-27
|f 1
|l 0
|r 2025-06-25 00:00:00
|w 2026-02-24
|
| 952 |
|
|
|a SNK
|b SNK
|y VYP
|7 0
|p 17A0022894
|o snkSC 3159/1 D1
|i snkVI. 676/55
|8 1
|0 0
|1 0
|4 0
|d 2009-02-27
|l 0
|r 2026-02-24 09:52:24
|w 2026-02-24
|